000 00358nam a2200157Ia 4500
005 20250423094657.0
008 250422s9999 xx 000 0 und d
020 _a0-7487-1594-0
100 _aE. N. Ramsden
245 0 _aCalculations for A- Level Chemistry
250 _a3rd ed.
260 _bOxford
260 _c1993
300 _a298 p
942 _cBK
999 _c27962
_d27962